| 000 | 01535 a2200253 4500 | ||
|---|---|---|---|
| 001 | 107625 | ||
| 020 | _a9788526011175 | ||
| 020 | _q(broch.) | ||
| 041 | _apor | ||
| 082 | _a028.5 | ||
| 100 | _aMeireles, Cecília et. Al. | ||
| 300 | _a64p. | ||
| 490 | _aAntologia de Poesias para crianças | ||
| 520 | _aCaminho da poesia proporciona ao aluno-leitor o encontro poético com doze escritores da literatura, entre eles Manuel Bandeira, Ferreira Gullar, Guilherme de Almeida, Henriqueta Lisboa, Paulo Leminski, Olavo Bilac, Sidónio Muralha. Este certa vez declarou: Tanto a prosa como o verso para crianças têm que ter ritmo, têm que saber brincar, encaixar as frases umas nas outras, têm que despertar na criança o desejo criativo”. Um capacete de guerra tem um ar carrancudo. Muito bela é uma flor. Uma flor tem tudo/ para falar de paz e de amor. / Mas se virarmos o capacete de guerra/ ele será um vaso, e é bem capaz / de ter uma flor num pouco de terra/ e falar de amor e de paz. A leitura destes poemas, construídos com trocadilhos divertidos, humor, sonoridade, recursos gráficos, imagens e metáforas aguçam a fantasia e o caráter lúdico tão presentes no universo infantil. | ||
| 521 | _aYear 4 | ||
| 697 | _aPoesia - coletâneas | ||
| 830 | _aAntologia de Poesias para crianças | ||
| 856 | _u000026/000026cd.jpg | ||
| 040 |
_aBR-BrIDEA _cBR-BrIDEA |
||
| 090 |
_aP Year 4 028 _bMEI |
||
| 245 | 1 | 0 |
_aCaminho da poesia _cCecília Meireles et. al |
| 260 |
_aSão Paulo _bGlobal _c2006 |
||
| 942 | _cBK | ||
| 999 |
_c107625 _d107625 |
||